Relación de centros y estadísticas de matrícula
Publicado:
Barcelona :
Junta Provincial de Formación Profesional Industrial de Barcelona : Escola del Treball. Arts Gràfiques ,
1967
Descripción Física:
55 pàg. ; gràfics ; 21 cm
Idioma:
Catalán , Español
MARC
| LEADER | 00000nam a22000007a 4500 | ||
|---|---|---|---|
| 001 | 28364 | ||
| 003 | AGDB | ||
| 005 | 20260324181520.0 | ||
| 008 | 231128b spa||||| |||| 00| 0 cat d | ||
| 017 | |a B 6300-1967 | ||
| 040 | |a agdb |b cat | ||
| 041 | |a spa | ||
| 110 | |9 70061 |a Junta Provincial de Formación Profesional Industrial de Barcelona | ||
| 245 | |a Relación de centros y estadísticas de matrícula | ||
| 260 | |a Barcelona : |b Junta Provincial de Formación Profesional Industrial de Barcelona : |b Escola del Treball. Arts Gràfiques ; |c 1967 | ||
| 300 | |a 55 pàg. ; |b gràfics ; |c 21 cm | ||
| 556 | |a Prové de: 201-Escola Universitària d’Enginyeria Tècnica Industrial de Barcelona (EUETIB) (1908-1998) | ||
| 650 | 0 | |9 70060 |a Centres de formació professional |v Directoris |z Barcelona (Catalunya : Província) | |
| 942 | |2 udc |c ARXIU |n 1 | ||
| 952 | |0 0 |1 0 |4 0 |6 FU7634 |7 1 |9 96471 |a Arxiu |b Arxiu |d 2023-11-28 |l 0 |o FU-76-34 |p 28364 |r 2023-11-28 00:00:00 |w 2023-11-28 |y ARXIU | ||
| 999 | |c 128291 |d 128291 | ||